|
|
|
|
| LEADER |
01772nem a2200445 a 4500 |
| 001 |
nkc20122380006 |
| 003 |
CZ PrNK |
| 005 |
20230429130821.0 |
| 007 |
aj canzn |
| 008 |
120712s2012 xr ag a 0 cze |
| 015 |
|
|
|a cnb002380006
|
| 020 |
|
|
|a 978-80-7224-710-3
|
| 034 |
1 |
|
|a a
|b 40000
|d E0130513
|e E0133251
|f N0493708
|g N0491024
|
| 040 |
|
|
|a BOA001
|b cze
|d ABA001
|
| 041 |
0 |
|
|a cze
|a ger
|
| 043 |
|
|
|a e-xr---
|b e-xr-cc
|b e-xr-pl
|2 czenas
|
| 072 |
|
7 |
|a 913(437)
|x Geografie Česka a Slovenska, reálie, cestování
|2 Konspekt
|9 7
|
| 072 |
|
7 |
|a 912
|x Mapy. Atlasy. Glóby
|2 Konspekt
|9 7
|
| 080 |
|
|
|a 796.51
|2 MRF
|
| 080 |
|
|
|a 913(437.31-13)
|2 MRF
|
| 080 |
|
|
|a 913(437.317)
|2 MRF
|
| 080 |
|
|
|a (084.3)796.5
|2 MRF
|
| 110 |
2 |
|
|a SHOCart (firma)
|7 ko2001100207
|
| 245 |
1 |
0 |
|a Pošumaví, Klatovsko
|h [kartografický dokument] :
|b turistická mapa 1:40 000 /
|c vydal a zpracoval SHOCart
|
| 246 |
3 |
0 |
|a Klatovsko
|
| 255 |
|
|
|a Měřítko 1:40 000
|c [(013°05´13" v.d.--013°32´51" v.d./049°37´08" s.š.--049°10´24" s.š.)]
|
| 260 |
|
|
|a Vizovice :
|b SHOCart,
|c 2012
|
| 300 |
|
|
|a 1 mapa :
|b obě strany, barev. ;
|c 128 x 84 cm, na listu 66 x 96 cm, složeno na 17 x 11 cm, v plastovém pouzdře
|
| 490 |
1 |
|
|a Turistická mapa 1:40 000 ;
|v 432
|
| 546 |
|
|
|a Místní jména česky a část. německy
|
| 650 |
0 |
7 |
|a pěší turistika
|7 ph124864
|z Česko
|2 czenas
|
| 651 |
|
7 |
|a Pošumaví (Česko)
|7 ge130502
|2 czenas
|
| 651 |
|
7 |
|a Klatovy (Česko : oblast)
|7 ge128500
|2 czenas
|
| 655 |
|
7 |
|a turistické mapy
|7 fd133737
|2 czenas
|
| 830 |
|
0 |
|a Turistická mapa 1:40 000
|
| 910 |
2 |
|
|a BOA001
|b Mp2-1288.332
|
| 990 |
|
|
|a MP
|
| 995 |
|
|
|a 01
|
| 991 |
|
|
|b 201207
|c NOV
|e n
|
| 996 |
6 |
|
|b 2610515778
|c Mp2-1288.332
|l MZK
|r Sklad / do 1 hodiny
|n 0
|p p.v.
|w 001264622
|u 000010
|a 1
|e BOA001
|j MZK50
|s P
|